Statistiques concernant Le 11 type de la ligue des champions 2022-2023

Cliquez ici pour prendre le quiz!

Statistiques générales

  • Ce quiz a été pris 363 fois
  • Le résultat moyen est 9 sur 11

Statistiques - réponses

posteclubjoueur% Correct
GReal MadridCourtois
98%
MOCManchester CityDe Bruyne
97%
BUManchester CityHaaland
95%
DDManchester CityWalker
95%
AGReal MadridVinicius Jr
94%
DCManchester CityRuben Dias
90%
ADManchester CityBernardo Silva
88%
MCManchester CityRodri
86%
DGInter MilanDi Marco
56%
DCInter MilanBastoni
55%
MCManchester CityStones
49%

Distribution des résultats

Percentile par nombre de réponses

% des personnes avec chaque résultat

Votre développement - résultats

Vous n’avez pas pris ce quiz